[Event "Marienbad Open 2022 - B1 IM Round Robin"]
[Site "Continental hotel, Marianske Lazne"]
[Date "2022.01.17"]
[Round "3"]
[Board "1"]
[White "Ricken, Katharina"]
[Black "Matras, Ondrej"]
[Result "0-1"]
[WhiteElo "2006"]
[BlackElo "2230"]
[PlyCount "92"]
[EventDate "2022.01.15"]
[EventRounds "9"]
[EventCountry "CZE"]

1. Nf3 b5 2. e4 Bb7 3. Bxb5 Bxe4 4. O-O Nf6 5. Be2 e6 6. c4 Be7 7. Nc3 Bb7 8.
d4 O-O 9. Bf4 d6 10. h3 Nbd7 11. b4 Ne4 12. Nxe4 Bxe4 13. Re1 Bf6 14. Qd2 e5
15. Be3 Re8 16. Rad1 exd4 17. Bxd4 Bxd4 18. Qxd4 Qf6 19. c5 Bxf3 20. Qxf6 Nxf6
21. Bxf3 Rxe1+ 22. Rxe1 Rd8 23. Re7 Rd7 24. Re3 d5 25. c6 Rd6 26. b5 Rd8 27.
Re7 Rc8 28. Bg4 Kf8 29. Rxf7+ Kxf7 30. Bxc8 Ke7 31. Kf1 Kd6 32. Ke2 Kc5 33. a4
Ne4 34. Ba6 Nc3+ 35. Kd3 Nxa4 36. f4 Nb2+ 37. Kc2 Nc4 38. g4 Nd6 39. h4 Nxb5
40. f5 Nd4+ 41. Kd3 Nxc6 42. g5 Kd6 43. h5 Ne7 44. g6 hxg6 45. h6 gxh6 46. f6
Nc6  0-1

[Event "Marienbad Open 2022 - B1 IM Round Robin"]
[Site "Continental hotel, Marianske Lazne"]
[Date "2022.01.17"]
[Round "3"]
[Board "2"]
[White "Plischki, Sebastian"]
[Black "Smolik, Jachym"]
[Result "1-0"]
[WhiteElo "2375"]
[BlackElo "2291"]
[PlyCount "85"]
[EventDate "2022.01.15"]
[EventRounds "9"]
[EventCountry "CZE"]

1. d4 d5 2. c4 dxc4 3. e4 e5 4. Nf3 exd4 5. Bxc4 Nc6 6. O-O Be6 7. Bxe6 fxe6 8.
Qb3 Qd7 9. Qxb7 Rb8 10. Qa6 Nge7 11. Nbd2 h6 12. a3 g5 13. b4 Bg7 14. Bb2 O-O
15. Rac1 e5 16. Rc5 Rb6 17. Qc4+ Kh7 18. Rc1 Qd6 19. Qe2 Qe6 20. Ne1 Ng6 21. g3
Rf6 22. Nd3 Bf8 23. R5c2 Qe8 24. Kh1 a5 25. Nc4 Rb7 26. Nxa5 Nxa5 27. Rxc7+ Rf7
28. Rxf7+ Rxf7 29. bxa5 Qb5 30. Kg2 Qxa5 31. Rc6 Bxa3 32. Bxa3 Qxa3 33. Rxg6
Kxg6 34. Nxe5+ Kg7 35. Nxf7 Kxf7 36. Qc4+ Kg6 37. Qxd4 Qa2 38. Qd6+ Kg7 39.
Qe5+ Kg6 40. Qf5+ Kg7 41. h4 gxh4 42. gxh4 Qd2 43. h5  1-0

[Event "Marienbad Open 2022 - B1 IM Round Robin"]
[Site "Continental hotel, Marianske Lazne"]
[Date "2022.01.17"]
[Round "3"]
[Board "3"]
[White "Redzisz, Michal"]
[Black "Bracker, Arne"]
[Result "0-1"]
[WhiteElo "2213"]
[BlackElo "2228"]
[PlyCount "68"]
[EventDate "2022.01.15"]
[EventRounds "9"]
[EventCountry "CZE"]

1. d4 Nf6 2. c4 e6 3. Nf3 d5 4. g3 Be7 5. Bg2 O-O 6. O-O dxc4 7. Ne5 Nc6 8.
Nxc6 bxc6 9. Na3 Bxa3 10. bxa3 Ba6 11. Qd2 Qc8 12. a4 Rd8 13. Qa5 Rb8 14. Qc5
Nd5 15. Bg5 Rd6 16. Rfc1 h6 17. Bf4 Nxf4 18. gxf4 Rb2 19. e3 Qb7 20. Be4 Qb6
21. Qa3 f5 22. Rab1 Rxb1 23. Rxb1 Qa5 24. Bg2 c5 25. dxc5 Rd3 26. Qb2 Qxc5 27.
Bf1 Rd8 28. Qc3 Qc6 29. Qb4 c3 30. Bb5 c2 31. Bxc6 Rd1+ 32. Rxd1 cxd1=Q+ 33.
Kg2 Bf1+ 34. Kg3 Qg4#  0-1

[Event "Marienbad Open 2022 - B1 IM Round Robin"]
[Site "Continental hotel, Marianske Lazne"]
[Date "2022.01.17"]
[Round "3"]
[Board "4"]
[White "Gnojek, Petr"]
[Black "Mantovani, Renzo"]
[Result "1-0"]
[WhiteElo "2254"]
[BlackElo "2272"]
[PlyCount "84"]
[EventDate "2022.01.15"]
[EventRounds "9"]
[EventCountry "CZE"]

1. d4 Nf6 2. c4 e6 3. Nc3 d5 4. Nf3 c5 5. cxd5 Nxd5 6. e4 Nxc3 7. bxc3 cxd4 8.
cxd4 Bb4+ 9. Bd2 Qa5 10. Rb1 Bxd2+ 11. Qxd2 Qxd2+ 12. Kxd2 b6 13. Bb5+ Bd7 14.
Rhc1 Ke7 15. a4 f6 16. Ke3 Rc8 17. d5 exd5 18. exd5 Rxc1 19. Rxc1 Bxb5 20. axb5
Nd7 21. Nd4 Nc5 22. Nf5+ Kf8 23. Ra1 g6 24. Nd6 a5 25. bxa6 Rxa6 26. Rxa6 Nxa6
27. Kd4 Nc7 28. Kc4 h5 29. g3 g5 30. h3 g4 31. h4 Na6 32. Kb5 Nc5 33. Kxb6 Nd3
34. Nf5 Ke8 35. Kc7 Nc5 36. d6 Ne6+ 37. Kc8 Nc5 38. Ng7+ Kf7 39. Nxh5 Ke6 40.
Kc7 Na6+ 41. Kb6 Nb4 42. Kb5 Nd3  1-0

[Event "Marienbad Open 2022 - B1 IM Round Robin"]
[Site "Continental hotel, Marianske Lazne"]
[Date "2022.01.17"]
[Round "3"]
[Board "5"]
[White "Frank, Adam"]
[Black "Jurek, Josef"]
[Result "1/2-1/2"]
[WhiteElo "2324"]
[BlackElo "2211"]
[PlyCount "107"]
[EventDate "2022.01.15"]
[EventRounds "9"]
[EventCountry "CZE"]

1. e4 c6 2. d4 d5 3. Nd2 dxe4 4. Nxe4 Nd7 5. Ng5 Ngf6 6. Bd3 e6 7. N1f3 Bd6 8.
Qe2 h6 9. Ne4 Nxe4 10. Qxe4 Nf6 11. Qe2 Qc7 12. Bd2 b6 13. O-O-O Bb7 14. Ne5 c5
15. Bb5+ Ke7 16. dxc5 Qxc5 17. Rhe1 Be4 18. Bd3 Qxe5 19. Bxe4 Qxe4 20. Qxe4
Nxe4 21. Rxe4 Rhd8 22. Bc3 g5 23. Ree1 Bc5 24. f3 Bf2 25. Rf1 Bc5 26. a4 Rac8
27. Kb1 Bd6 28. Ka2 a6 29. Kb3 Bc5 30. Rh1 Rxd1 31. Rxd1 h5 32. h3 Rg8 33. g4
f6 34. Bb4 Bxb4 35. Kxb4 hxg4 36. hxg4 Rc8 37. c4 Rc5 38. Kc3 a5 39. Rh1 Re5
40. Kd4 Re2 41. c5 bxc5+ 42. Kxc5 Rc2+ 43. Kb5 Rxb2+ 44. Kxa5 Rb3 45. Rf1 Kd6
46. Ka6 Ke5 47. a5 Kf4 48. Ka7 Kg3 49. a6 Kg2 50. Re1 e5 51. Ka8 Kxf3 52. a7
Kxg4 53. Rg1+ Kf5 54. Rxg5+  1/2-1/2

[Event "Marienbad Open 2022 - B1 IM Round Robin"]
[Site "Continental hotel, Marianske Lazne"]
[Date "2022.01.18"]
[Round "4"]
[Board "1"]
[White "Matras, Ondrej"]
[Black "Jurek, Josef"]
[Result "1-0"]
[WhiteElo "2230"]
[BlackElo "2211"]
[PlyCount "71"]
[EventDate "2022.01.15"]
[EventRounds "9"]
[EventCountry "CZE"]

1. d4 Nf6 2. c4 e6 3. Nc3 Bb4 4. Qc2 b6 5. a3 Bxc3+ 6. Qxc3 Bb7 7. Bg5 h6 8.
Bh4 d6 9. f3 Nbd7 10. e3 Rc8 11. b4 O-O 12. Bd3 c5 13. dxc5 bxc5 14. b5 d5 15.
Ne2 Ne4 16. Bxd8 Nxc3 17. Ba5 Nxe2 18. Bxe2 Nb6 19. cxd5 exd5 20. Kf2 Rfe8 21.
Rhc1 Nd7 22. Rc2 Re6 23. Bd3 g6 24. Rac1 c4 25. Bf1 Rce8 26. e4 Nc5 27. exd5
Bxd5 28. Rd1 Re5 29. Bxc4 Bxc4 30. Rxc4 Nb7 31. Bc3 Rxb5 32. Rd7 Nc5 33. Rd5
Rc8 34. a4 Ne4+ 35. fxe4 Rxc4 36. Rd8+  1-0

[Event "Marienbad Open 2022 - B1 IM Round Robin"]
[Site "Continental hotel, Marianske Lazne"]
[Date "2022.01.18"]
[Round "4"]
[Board "2"]
[White "Mantovani, Renzo"]
[Black "Frank, Adam"]
[Result "1/2-1/2"]
[WhiteElo "2272"]
[BlackElo "2324"]
[PlyCount "46"]
[EventDate "2022.01.15"]
[EventRounds "9"]
[EventCountry "CZE"]

1. e4 Nf6 2. Nc3 d6 3. d4 Nbd7 4. f4 e5 5. Nf3 Be7 6. dxe5 dxe5 7. Nxe5 Nxe5 8.
Qxd8+ Bxd8 9. fxe5 Nd7 10. Bf4 c6 11. Bc4 Nc5 12. Rf1 Be6 13. Bxe6 Nxe6 14. Bg3
h5 15. h3 h4 16. Bh2 Rh6 17. Rd1 Rg6 18. Rf2 Bb6 19. Re2 Rd8 20. Rxd8+ Kxd8 21.
Nd1 Ke7 22. Kf1 Nd4 23. Rd2 Ne6  1/2-1/2

[Event "Marienbad Open 2022 - B1 IM Round Robin"]
[Site "Continental hotel, Marianske Lazne"]
[Date "2022.01.18"]
[Round "4"]
[Board "3"]
[White "Bracker, Arne"]
[Black "Gnojek, Petr"]
[Result "1/2-1/2"]
[WhiteElo "2228"]
[BlackElo "2254"]
[PlyCount "148"]
[EventDate "2022.01.15"]
[EventRounds "9"]
[EventCountry "CZE"]

1. e4 c5 2. Nf3 e6 3. d4 cxd4 4. Nxd4 Nf6 5. Nc3 d6 6. g4 h6 7. Rg1 Nc6 8. Be3
a6 9. h4 h5 10. gxh5 Nxh5 11. Bg5 Nf6 12. Qd2 Qb6 13. Nb3 Bd7 14. O-O-O O-O-O
15. Kb1 Kb8 16. Be3 Qc7 17. f4 Rc8 18. Qf2 b5 19. a3 Ka8 20. Rg5 Rh5 21. Be2
Rxg5 22. hxg5 Ne8 23. Bf3 Qb8 24. Nc5 dxc5 25. Rxd7 Rc7 26. e5 Rxd7 27. Bxc6+
Rb7 28. Bxc5 Bxc5 29. Qxc5 Qd8 30. Ne4 Kb8 31. Bxb7 Kxb7 32. b3 g6 33. Ka2 Qc7
34. Qf2 Qc6 35. Qe2 Qd5 36. Qe3 Qc6 37. Kb2 Kb8 38. Qd4 Kc8 39. b4 Kb7 40. Kb3
Kc8 41. Qc5 Kc7 42. Qe7+ Kb6 43. Qd8+ Ka7 44. Qd4+ Kb8 45. Nd6 Nc7 46. Kb2 Nd5
47. Nxf7 Qc7 48. Nd6 Qc6 49. Kb3 Nb6 50. Qe4 Qd5+ 51. Qxd5 Nxd5 52. a4 bxa4+
53. Kxa4 Nxf4 54. Ka5 Ka7 55. Ne4 Nh3 56. c4 Ng1 57. Nc5 Nf3 58. Nxe6 Nxe5 59.
c5 Kb7 60. b5 Nc4+ 61. Kb4 axb5 62. Kxb5 Ne5 63. Nd4 Kc7 64. c6 Kd6 65. Kb6
Nc4+ 66. Ka6 Kc7 67. Kb5 Nd6+ 68. Kc5 Ne4+ 69. Kd5 Nxg5 70. Nb5+ Kc8 71. Kd6
Nf7+ 72. Ke7 Ne5 73. Kd6 Nxc6 74. Kxc6 g5  1/2-1/2

[Event "Marienbad Open 2022 - B1 IM Round Robin"]
[Site "Continental hotel, Marianske Lazne"]
[Date "2022.01.18"]
[Round "4"]
[Board "4"]
[White "Smolik, Jachym"]
[Black "Redzisz, Michal"]
[Result "1/2-1/2"]
[WhiteElo "2291"]
[BlackElo "2213"]
[PlyCount "106"]
[EventDate "2022.01.15"]
[EventRounds "9"]
[EventCountry "CZE"]

1. d4 Nf6 2. c4 e6 3. Nf3 d5 4. Nc3 Be7 5. Bf4 O-O 6. e3 Nbd7 7. c5 c6 8. Bd3
b6 9. b4 a5 10. a3 Ba6 11. Bxa6 Rxa6 12. O-O Qc8 13. Nd2 Qb7 14. Rb1 axb4 15.
axb4 Rfa8 16. Qe2 Ra3 17. Rfc1 bxc5 18. bxc5 Qa7 19. h3 Bd8 20. Rb3 Ra1 21. Qd1
Rxc1 22. Qxc1 Bc7 23. Bxc7 Qxc7 24. Qb2 Ra7 25. f4 h5 26. Nf3 g6 27. Ne5 Nxe5
28. fxe5 Nd7 29. Ne2 Qa5 30. Qc3 Qa6 31. Nf4 Rb7 32. Qd3 Qa1+ 33. Kh2 Rxb3 34.
Qxb3 Qe1 35. Qd3 Kg7 36. g3 Qf2+ 37. Ng2 Qa2 38. Qf1 Kg8 39. Qf4 Qe2 40. Qg5
Nf8 41. Qd8 Qb5 42. Qb6 Qa4 43. Qb1 Kg7 44. Kg1 Nh7 45. h4 Nf8 46. Nf4 Qa5 47.
Qd1 Qa3 48. Qe2 Nd7 49. Qf2 Qa1+ 50. Kh2 Qb1 51. Nh3 f6 52. Qf4 fxe5 53. Qg5
Qc2+  1/2-1/2

[Event "Marienbad Open 2022 - B1 IM Round Robin"]
[Site "Continental hotel, Marianske Lazne"]
[Date "2022.01.18"]
[Round "4"]
[Board "5"]
[White "Ricken, Katharina"]
[Black "Plischki, Sebastian"]
[Result "0-1"]
[WhiteElo "2006"]
[BlackElo "2375"]
[PlyCount "246"]
[EventDate "2022.01.15"]
[EventRounds "9"]
[EventCountry "CZE"]

1. Nf3 d6 2. d4 g6 3. g3 Bg7 4. Bg2 c5 5. dxc5 Qa5+ 6. Nfd2 Qxc5 7. O-O Nf6 8.
Nc3 O-O 9. Nb3 Qc7 10. Bg5 Nbd7 11. e4 a6 12. a4 Rb8 13. a5 Re8 14. Qe2 h6 15.
Be3 b5 16. axb6 Nxb6 17. Na5 Be6 18. Rfb1 Ng4 19. Bxb6 Rxb6 20. Nd5 Bxd5 21.
exd5 Rxb2 22. Rxb2 Bxb2 23. Ra2 h5 24. Nc6 Bg7 25. Qxa6 e5 26. Qb5 Qc8 27. Ra7
Bf8 28. Bh3 e4 29. Qb7 Qxb7 30. Rxb7 Nf6 31. c4 e3 32. fxe3 Bh6 33. Rb8 Bxe3+
34. Kg2 Rxb8 35. Nxb8 Kg7 36. Kf3 Bg1 37. Kg2 Bc5 38. Kf3 Nh7 39. Bf1 f5 40. h4
Nf6 41. Bd3 Ba3 42. Nc6 Nd7 43. Bc2 Kf6 44. Bd3 Bb2 45. Bc2 Bc3 46. Bb1 Be1 47.
Bc2 Nc5 48. Nd4 Bc3 49. Ne2 Be5 50. Ke3 Bb2 51. Kf3 Nd7 52. Bb3 Ne5+ 53. Kf4
Ba3 54. Ke3 Bc5+ 55. Kf4 Bb4 56. Ke3 g5 57. hxg5+ Kxg5 58. Kf2 Bc5+ 59. Kg2 Be3
60. Ba2 h4 61. gxh4+ Kxh4 62. Bb1 Kg4 63. Ng3 f4 64. Nf5 f3+ 65. Kf1 Nxc4 66.
Bd3 Nd2+ 67. Ke1 f2+ 68. Kd1 f1=Q+ 69. Bxf1 Kxf5 70. Bg2 Ke5 71. Ke2 Bg5 72.
Kd3 Bh6 73. Bh1 Nf1 74. Bf3 Ng3 75. Bg2 Nf5 76. Bf3 Ne3 77. Be4 Nxd5 78. Bf3
Bg5 79. Bh1 Bd8 80. Bf3 Bb6 81. Bh1 Bf2 82. Bf3 Nb6 83. Bg2 d5 84. Bxd5 Nxd5
85. Kc4 Ke4 86. Kb5 Kd4 87. Kc6 Bg3 88. Kb5 Bf4 89. Kc6 Nc3 90. Kd7 Kd5 91. Ke7
Ne4 92. Kd7 Bd6 93. Kd8 Ke6 94. Kc8 Nc5 95. Kd8 Bb8 96. Kc8 Ba7 97. Kc7 Kd5 98.
Kd8 Kd6 99. Kc8 Nd7 100. Kb7 Be3 101. Ka8 Nc5 102. Kb8 Kc6 103. Ka8 Bd4 104.
Kb8 Na6+ 105. Ka8 Nc7+ 106. Kb8 Bc5 107. Kc8 Ba7 108. Kd8 Nd5 109. Ke8 Kd6 110.
Kf7 Ne7 111. Ke8 Ke6 112. Kf8 Nf5 113. Ke8 Bb6 114. Kf8 Kf6 115. Ke8 Ke6 116.
Kf8 Bc7 117. Ke8 Ng7+ 118. Kf8 Kf6 119. Kg8 Kg6 120. Kf8 Bd6+ 121. Kg8 Nf5 122.
Kh8 Bc5 123. Kg8 Nh6+  0-1

[Event "Marienbad Open 2022 - B1 IM Round Robin"]
[Site "Continental hotel, Marianske Lazne"]
[Date "2022.01.18"]
[Round "5"]
[Board "2"]
[White "Redzisz, Michal"]
[Black "Ricken, Katharina"]
[Result "1/2-1/2"]
[WhiteElo "2213"]
[BlackElo "2006"]
[PlyCount "108"]
[EventDate "2022.01.15"]
[EventRounds "9"]
[EventCountry "CZE"]

1. Nf3 c5 2. e4 g6 3. d4 cxd4 4. Nxd4 Nc6 5. c4 Nf6 6. Nc3 d6 7. Be2 Nxd4 8.
Qxd4 Bg7 9. Be3 O-O 10. Qd2 a5 11. Rc1 a4 12. O-O Qa5 13. Rc2 Be6 14. f3 Rfc8
15. Rfc1 Nd7 16. Nd5 Qxd2 17. Bxd2 Kf8 18. Bc3 Bxc3 19. Rxc3 Bxd5 20. cxd5 Rc5
21. Rxc5 Nxc5 22. Kf2 Ke8 23. Ke3 Kd7 24. Kd4 e6 25. Bb5+ Kc7 26. dxe6 Kb6 27.
Be2 Nxe6+ 28. Ke3 Ra5 29. Rc4 Rb5 30. Rxa4 Rxb2 31. h4 h5 32. g4 hxg4 33. fxg4
Rb1 34. Bf3 Rb2 35. Be2 Rb1 36. Bf3 Rb2 37. h5 gxh5 38. gxh5 Rh2 39. Rb4+ Kc7
40. Rb5 Rxa2 41. Rf5 Kd8 42. Rxf7 Ng5 43. Rf5 Ra3+ 44. Kf2 Rxf3+ 45. Rxf3 Nxf3
46. Kxf3 Ke7 47. Ke3 Kf6 48. Kd4 b5 49. Kc3 Kg5 50. Kb4 Kxh5 51. Kxb5 Kg5 52.
Kc6 Kf4 53. Kd5 Ke3 54. Kxd6 Kxe4  1/2-1/2

[Event "Marienbad Open 2022 - B1 IM Round Robin"]
[Site "Continental hotel, Marianske Lazne"]
[Date "2022.01.18"]
[Round "5"]
[Board "3"]
[White "Gnojek, Petr"]
[Black "Smolik, Jachym"]
[Result "1-0"]
[WhiteElo "2254"]
[BlackElo "2291"]
[PlyCount "117"]
[EventDate "2022.01.15"]
[EventRounds "9"]
[EventCountry "CZE"]

1. d4 Nf6 2. c4 e6 3. Nf3 Bb4+ 4. Nbd2 b6 5. a3 Bxd2+ 6. Qxd2 a5 7. b3 Bb7 8.
e3 d6 9. Be2 Nbd7 10. Bb2 Qe7 11. O-O O-O 12. Rad1 Rfd8 13. Qc3 Rac8 14. b4
axb4 15. axb4 c5 16. Ra1 Ne4 17. Qb3 Nb8 18. Rfd1 Na6 19. Ba3 Rb8 20. Nd2 Nxd2
21. Rxd2 cxd4 22. Rxd4 Nc7 23. Rad1 e5 24. R4d2 Ne6 25. f3 Kh8 26. Bb2 Bc6 27.
Qc3 f6 28. Bf1 Be8 29. e4 Qc7 30. Qe3 Bf7 31. g3 Bh5 32. h4 Ra8 33. Kf2 Bf7 34.
Be2 Ra4 35. Qb3 Raa8 36. Qe3 Ra4 37. Qb3 Raa8 38. Rc1 Rf8 39. Rcd1 Rad8 40. Qe3
Bg6 41. Kg2 Be8 42. Kh2 Rd7 43. f4 Nd8 44. Bg4 Re7 45. fxe5 fxe5 46. Rxd6 Nc6
47. Bc3 Ref7 48. Kg2 Nd4 49. c5 bxc5 50. bxc5 Qxc5 51. Rd5 Rf2+ 52. Qxf2 Rxf2+
53. Kxf2 Qxc3 54. Rd8 Qc6 55. Rc8 Qf6+ 56. Kg1 Qf7 57. Rf1 Qe7 58. Bd7 Ne2+ 59.
Kh2  1-0

[Event "Marienbad Open 2022 - B1 IM Round Robin"]
[Site "Continental hotel, Marianske Lazne"]
[Date "2022.01.18"]
[Round "5"]
[Board "4"]
[White "Frank, Adam"]
[Black "Bracker, Arne"]
[Result "0-1"]
[WhiteElo "2324"]
[BlackElo "2228"]
[PlyCount "78"]
[EventDate "2022.01.15"]
[EventRounds "9"]
[EventCountry "CZE"]

1. e4 e5 2. Nf3 Nc6 3. Bb5 a6 4. Ba4 Nf6 5. O-O b5 6. Bb3 Bc5 7. c3 d6 8. d4
Bb6 9. a4 Rb8 10. a5 Ba7 11. h3 O-O 12. Be3 Ra8 13. Nbd2 Bb7 14. Re1 Re8 15.
dxe5 Bxe3 16. exf6 Bxd2 17. Qxd2 Qxf6 18. Bd5 Rab8 19. b4 Ne5 20. Nxe5 Rxe5 21.
Bxb7 Rxb7 22. Rad1 Rb8 23. Qd4 Ra8 24. Re3 g6 25. f3 Qf4 26. Red3 h5 27. Kh1
Rg5 28. Qf2 Re8 29. Qa7 Qg3 30. R3d2 d5 31. Qxa6 dxe4 32. Qc6 Re6 33. Qa8+ Kg7
34. fxe4 Rd6 35. Qa7 Rxd2 36. Rxd2 Qe1+ 37. Kh2 Qxd2 38. Qd4+ Qxd4 39. cxd4 h4
 0-1

[Event "Marienbad Open 2022 - B1 IM Round Robin"]
[Site "Continental hotel, Marianske Lazne"]
[Date "2022.01.18"]
[Round "5"]
[Board "5"]
[White "Jurek, Josef"]
[Black "Mantovani, Renzo"]
[Result "1/2-1/2"]
[WhiteElo "2211"]
[BlackElo "2272"]
[PlyCount "31"]
[EventDate "2022.01.15"]
[EventRounds "9"]
[EventCountry "CZE"]

1. Nf3 Nf6 2. c4 c5 3. g3 b6 4. Bg2 Bb7 5. O-O e6 6. Nc3 a6 7. b3 Be7 8. d4
cxd4 9. Qxd4 d6 10. Ba3 Nc6 11. Qf4 Qc7 12. Rfd1 Rd8 13. Rac1 Qb8 14. e4 O-O
15. h4 Ba8 16. Qe3  1/2-1/2

[Event "Marienbad Open 2022 - B1 IM Round Robin"]
[Site "Continental hotel, Marianske Lazne"]
[Date "2022.01.19"]
[Round "6"]
[Board "1"]
[White "Matras, Ondrej"]
[Black "Mantovani, Renzo"]
[Result "1/2-1/2"]
[WhiteElo "2230"]
[BlackElo "2272"]
[PlyCount "117"]
[EventDate "2022.01.15"]
[EventRounds "9"]
[EventCountry "CZE"]

1. d4 Nf6 2. c4 e6 3. Nc3 Bb4 4. Qc2 c5 5. dxc5 Bxc5 6. Nf3 O-O 7. a3 b6 8. Bg5
Bb7 9. e3 h6 10. Bh4 Be7 11. Bd3 d6 12. O-O Nbd7 13. b4 Rc8 14. Rac1 Bxf3 15.
gxf3 Ne5 16. Qe2 d5 17. cxd5 Nxd3 18. Qxd3 Nxd5 19. Bxe7 Nxe7 20. Qxd8 Rfxd8
21. Nb5 a6 22. Nc7 Rd3 23. Nxa6 Rxa3 24. Rxc8+ Nxc8 25. Rc1 Na7 26. Nb8 Rb3 27.
Rc4 Nb5 28. Nd7 g5 29. h4 Nd6 30. Rg4 f5 31. Rd4 Nf7 32. Nxb6 gxh4 33. Rxh4 Ne5
34. Rxh6 Kf7 35. f4 Ng4 36. Rh7+ Kg6 37. Re7 Rxb4 38. Rxe6+ Kf7 39. Re7+ Kg6
40. Nd5 Rb1+ 41. Kg2 Rb2 42. Kg3 Rxf2 43. e4 Rd2 44. Rd7 Ne3 45. Rd6+ Kf7 46.
Kf3 Nxd5 47. exd5 Rd4 48. Kg3 Rd1 49. Rd7+ Kf6 50. Kf3 Rd3+ 51. Ke2 Rd4 52. Ke3
Re4+ 53. Kf3 Rd4 54. Rd6+ Kf7 55. Kg3 Rd1 56. Kf3 Rd4 57. Ke3 Re4+ 58. Kf3 Rd4
59. Ke3  1/2-1/2

[Event "Marienbad Open 2022 - B1 IM Round Robin"]
[Site "Continental hotel, Marianske Lazne"]
[Date "2022.01.19"]
[Round "6"]
[Board "3"]
[White "Smolik, Jachym"]
[Black "Frank, Adam"]
[Result "1-0"]
[WhiteElo "2291"]
[BlackElo "2324"]
[PlyCount "115"]
[EventDate "2022.01.15"]
[EventRounds "9"]
[EventCountry "CZE"]

1. d4 g6 2. e4 Bg7 3. g3 d5 4. e5 c5 5. c3 Nc6 6. Bg2 e6 7. f4 cxd4 8. cxd4
Nge7 9. Nf3 Nf5 10. O-O Ncxd4 11. Nxd4 Qb6 12. Kh1 Qxd4 13. Qe1 h5 14. Nc3 Bd7
15. Rf3 Bc6 16. Ne2 Qb6 17. Rb3 Qc7 18. Bd2 O-O 19. h3 Qd8 20. Ba5 b6 21. Bc3
Ba4 22. Ra3 Bb5 23. Nd4 Nxd4 24. Bxd4 Qe7 25. g4 hxg4 26. hxg4 Rfc8 27. Qf2 Rc6
28. Rh3 Rac8 29. Kh2 Rc2 30. Qg3 Rd2 31. Bc3 Rd3 32. Qf2 Rxh3+ 33. Bxh3 Qc5 34.
Qd2 Bh6 35. Kg3 Qc4 36. Bf1 Qa4 37. Bg2 Bg7 38. b3 Qa6 39. Bf3 Qb7 40. a4 Ba6
41. Bd4 Rc6 42. Qe3 Qc8 43. a5 b5 44. b4 Bf8 45. Rh1 Rc4 46. Be2 Rxb4 47. f5
Ra4 48. fxg6 fxg6 49. Qg5 Rxd4 50. Qxg6+ Bg7 51. Qh7+ Kf7 52. Rf1+ Ke8 53. Qxg7
Qc3+ 54. Kh2 Qb4 55. Qg8+ Kd7 56. Rf7+ Kc6 57. Qe8+ Kc5 58. Rc7#  1-0

[Event "Marienbad Open 2022 - B1 IM Round Robin"]
[Site "Continental hotel, Marianske Lazne"]
[Date "2022.01.19"]
[Round "6"]
[Board "5"]
[White "Plischki, Sebastian"]
[Black "Redzisz, Michal"]
[Result "1/2-1/2"]
[WhiteElo "2375"]
[BlackElo "2213"]
[PlyCount "112"]
[EventDate "2022.01.15"]
[EventRounds "9"]
[EventCountry "CZE"]

1. d4 Nf6 2. c4 e6 3. Nc3 Bb4 4. e3 O-O 5. Bd2 d5 6. Nf3 c5 7. a3 Bxc3 8. Bxc3
cxd4 9. Qxd4 Nc6 10. Qh4 Ne4 11. Qxd8 Rxd8 12. Rc1 Nxc3 13. Rxc3 d4 14. exd4
Nxd4 15. Nxd4 Rxd4 16. Rd3 Rxd3 17. Bxd3 Bd7 18. Kd2 Bc6 19. f3 a5 20. Kc3 Kf8
21. Rd1 Ke7 22. Rd2 h5 23. b4 axb4+ 24. axb4 b6 25. b5 Bd7 26. Kb4 g5 27. c5
bxc5+ 28. Kxc5 Rc8+ 29. Kb6 Rb8+ 30. Kc7 Rxb5 31. Bxb5 Bxb5 32. g3 Bc4 33. Rd4
Be2 34. f4 gxf4 35. Rxf4 Bg4 36. Re4 Bf3 37. Re3 Bg2 38. Re2 Bf3 39. Re1 Bd5
40. Kb6 Kd6 41. Kb5 f5 42. Kb4 Be4 43. Kc3 Ke5 44. Rf1 Kf6 45. h4 e5 46. Kd2
Bg2 47. Rf2 Bd5 48. Ke3 Be6 49. Rb2 Bc4 50. Rb6+ Be6 51. Ra6 Ke7 52. Ra8 Kf6
53. Re8 Bf7 54. Rh8 Kg7 55. Rb8 Kf6 56. Rb6+ Be6  1/2-1/2

[Event "Marienbad Open 2022 - B1 IM Round Robin"]
[Site "Continental hotel, Marianske Lazne"]
[Date "2022.01.20"]
[Round "7"]
[Board "1"]
[White "Redzisz, Michal"]
[Black "Matras, Ondrej"]
[Result "1-0"]
[WhiteElo "2213"]
[BlackElo "2230"]
[PlyCount "105"]
[EventDate "2022.01.15"]
[EventRounds "9"]
[EventCountry "CZE"]

1. d4 d5 2. c4 c6 3. Nf3 Nf6 4. Nbd2 Bf5 5. Nh4 Bg6 6. Qb3 Qb6 7. Qh3 Nbd7 8.
Nxg6 fxg6 9. e3 O-O-O 10. Be2 Kb8 11. c5 Qc7 12. f4 Ka8 13. O-O Nb8 14. Bd3 Qd7
15. Rf3 Rg8 16. b4 Re8 17. Bb2 Rc8 18. a3 Re8 19. Re1 Rd8 20. Kh1 Re8 21. Ref1
Rd8 22. Rg1 Qg4 23. Rg3 Qd7 24. Re1 Nh5 25. Rf3 Nf6 26. Bb1 Re8 27. Kg1 Rd8 28.
Qh4 e6 29. e4 Be7 30. Qh3 dxe4 31. Nxe4 Nxe4 32. Rxe4 g5 33. Qxe6 Bf6 34. fxg5
Bxg5 35. Rf7 Qxe6 36. Rxe6 Bf6 37. Bxh7 Rh8 38. Be4 Rhe8 39. Rxe8 Rxe8 40. Bf5
a5 41. Kf2 axb4 42. axb4 Ka7 43. Bc3 Ka8 44. g3 Na6 45. Bd3 Ka7 46. h4 Kb8 47.
Bxa6 bxa6 48. h5 Rh8 49. g4 Re8 50. Kf3 Re6 51. d5 cxd5 52. Bxf6 gxf6 53. h6
 1-0

[Event "Marienbad Open 2022 - B1 IM Round Robin"]
[Site "Continental hotel, Marianske Lazne"]
[Date "2022.01.20"]
[Round "7"]
[Board "2"]
[White "Gnojek, Petr"]
[Black "Plischki, Sebastian"]
[Result "1/2-1/2"]
[WhiteElo "2254"]
[BlackElo "2375"]
[PlyCount "111"]
[EventDate "2022.01.15"]
[EventRounds "9"]
[EventCountry "CZE"]

1. d4 Nf6 2. c4 g6 3. f3 c5 4. d5 d6 5. e4 Bg7 6. Ne2 e6 7. Nec3 Nh5 8. Be3 f5
9. Qd2 O-O 10. Bd3 f4 11. Bf2 exd5 12. Nxd5 Nc6 13. Nbc3 Be6 14. O-O-O a6 15.
Kb1 Rb8 16. Be2 Nd4 17. Rc1 Rf7 18. Bd3 Qa5 19. Rhd1 b5 20. Ne2 Qxd2 21. Rxd2
Nxe2 22. Bxe2 Bxd5 23. cxd5 Be5 24. b4 c4 25. Bd4 Bxd4 26. Rxd4 Nf6 27. Kb2 Nd7
28. Kc3 Ne5 29. Rd2 Ra7 30. a4 bxa4 31. Ra1 a5 32. Rxa4 axb4+ 33. Rxb4 Ra3+ 34.
Kb2 Rxb4+ 35. Kxa3 Rb3+ 36. Ka4 Re3 37. Kb4 Rb3+ 38. Ka4 Re3 39. Kb4 c3 40. Rc2
g5 41. h3 h5 42. Ba6 g4 43. hxg4 hxg4 44. fxg4 Nxg4 45. Rxc3 Kf7 46. Bc8 Rxe4+
47. Rc4 Nf2 48. Rxe4 Nxe4 49. Kc4 Kf6 50. Kd4 Nc5 51. Bg4 Kg5 52. Bf3 Kf5 53.
Bd1 Nd7 54. Bf3 Kg5 55. Ke4 Nc5+ 56. Kd4  1/2-1/2

[Event "Marienbad Open 2022 - B1 IM Round Robin"]
[Site "Continental hotel, Marianske Lazne"]
[Date "2022.01.20"]
[Round "7"]
[Board "3"]
[White "Frank, Adam"]
[Black "Ricken, Katharina"]
[Result "1/2-1/2"]
[WhiteElo "2324"]
[BlackElo "2006"]
[PlyCount "30"]
[EventDate "2022.01.15"]
[EventRounds "9"]
[EventCountry "CZE"]

1. e4 e6 2. d4 d5 3. Nd2 c5 4. exd5 exd5 5. Ngf3 a6 6. dxc5 Bxc5 7. Nb3 Bb6 8.
Bd3 Nf6 9. O-O O-O 10. h3 Qd6 11. Re1 Bxh3 12. gxh3 Qg3+ 13. Kh1 Qxh3+ 14. Nh2
Bxf2 15. Re5 Bg3  1/2-1/2

[Event "Marienbad Open 2022 - B1 IM Round Robin"]
[Site "Continental hotel, Marianske Lazne"]
[Date "2022.01.20"]
[Round "7"]
[Board "4"]
[White "Jurek, Josef"]
[Black "Smolik, Jachym"]
[Result "1/2-1/2"]
[WhiteElo "2211"]
[BlackElo "2291"]
[PlyCount "37"]
[EventDate "2022.01.15"]
[EventRounds "9"]
[EventCountry "CZE"]

1. Nf3 Nf6 2. g3 e6 3. Bg2 d5 4. O-O b5 5. b3 Nbd7 6. c4 a6 7. Qc2 c5 8. cxd5
Nxd5 9. Nc3 Bb7 10. Nxd5 Bxd5 11. Bb2 Nf6 12. Rfe1 Be7 13. Rad1 Qb6 14. e4 Bb7
15. d4 cxd4 16. Bxd4 Qa5 17. Re2 Rc8 18. Qb1 O-O 19. Ne1  1/2-1/2